000
00311nam a22001457a 4500
003
SGT
020
_a
978-81-239-2527-1
082
_a
612.3
_b
N15S
100
_a
SHARMA,D.C
245
_a
NUTRITIONAL BIOCHEMISTRY
260
_a
NEW DELHI
_b
CBS PUB
_c
2015
300
_a
178
650
_a
PHARMACY
942
_2
ddc
_c
BK
999
_c
11061
_d
11061